| 000 | 00774nam a22002177a 4500 | ||
|---|---|---|---|
| 999 |
_c19006 _d19006 |
||
| 003 | AR-CdUCM | ||
| 008 | 190506b ||||| |||| 00| 0 spa d | ||
| 040 |
_aMUNICIPALIDAD PROVINCIAL DEL CUSCO _cBIBLIOTECA MUNICIPAL DEL CUSCO |
||
| 082 |
_a751.7 / _bB81 |
||
| 100 |
_aBravo Vizcarra, Juan _936413 |
||
| 245 |
_aMural histórico del Qosqo : _bsustento histórico y arqueológico / |
||
| 260 |
_aQosqo : _bYanez, _c1994. |
||
| 300 |
_a68 páginas ; _bfotografías. _c22 cm. |
||
| 505 | _aContenido: Pintura mural -- Técnicas de la pintura mural -- Mural historia del Qosqo. | ||
| 650 |
_aPintura mural _97581 |
||
| 650 |
_aMural del qosqo _936414 |
||
| 650 |
_aCusco _9772 |
||
| 710 |
_aMunicipalidad del Qosqo _96414 |
||
| 942 |
_2ddc _cLIBROS |
||
| 945 |
_aacv _d2019-05-16 |
||